Das Jasna Bosse Quiz - Statistiken

Allgemein
  • Dieses Quiz wurde 6 mal gespielt
  • Das Durchschnittsergebnis liegt bei 11 aus 15
Antwortstatistiken
Hint Antwort % Korrekt
Wie groß ist Jasna? 1,67
100%
Lieblingsfarbe? lila
100%
Wann wurde Jasna geboren? 08.12.
80%
Was ist ihre Lieblingsschuhmarke? adidas
80%
Was für ein Auto fährt Jasna? Fiat 500
80%
Wie heißt Jasnas Mutter? Sabine
80%
Was ist Jasnas Lieblingsfußballverein? Werder Bremen
80%
Welche Handymarke hat Jasna? Apple
60%
Was ist ihr größtes Lebensziel? auf Utes Instagram zu sehen sein
60%
Wer sind Jasnas Lieblingskommilitonen? David, Jonas, Udo
60%
Was ist Jasnas Lieblingsdrink? der nächste
60%
Was ist ihr Lieblingsessen? Flammlachs
60%
Wie lautet ihr Instaname? jasna.bs
60%
Was ist Lieblingsenergydrink? Kong Strong
60%
Wie wird Jasna von ihren Freunden genannt? Mutti
60%
Keine übereinstimmenden Quizze gefunden
Verteilung der Resultate
Anzahl Personen mit jedem Resultat
Perzentil nach korrekt beantworteten Fragen
Ihre Resultats-Entwicklung
Sie haben dieses Quiz noch nicht gespielt